000
00212nam a22000857a 4500
008
170104b xxu||||| |||| 00| 0 eng d
100
_9
2271
_a
Misra.O.K
245
_a
Good Enlish Reader-3
260
_a
New Delhi
_b
NP
_c
2009
999
_c
5158
_d
5158